00314nam a2200121Ia 4500008004100000100003300041245004900074260002700123300000800150650001000158942000700168999001700175190216s9999||||xx |||||||||||||| ||und|| aAcharya Paramanand Prabhakar 0aHindi-Samskrith Sikshana Ki Adhunik Vidhiyam bLok Siksha Manchc2011 a127 aHindi cBK c16754d16754